| 000 | 01079cam a2200277 4500 | ||
|---|---|---|---|
| 001 | E142559 | ||
| 008 | 080222e20070831stk |s000 0 eng d | ||
| 020 | _a9780755967124 | ||
| 022 | 1 | _a1741-1203 | |
| 035 | _a(Sirsi) u142559 | ||
| 041 | 0 | _aeng | |
| 050 | 0 | 4 | _a614.76 $2 18 |
| 110 | 2 |
_aScotland _bScottish Executive _bDevelopment Department |
|
| 245 | 0 | 0 |
_aScottish Planning Policy SPP 10 _bplanning for waste management _h[electronic resource] |
| 260 |
_aEdinburgh _bScottish Executive _c2007 |
||
| 490 | 0 | _aScottish Planning Policies | |
| 521 | _aSupports a planned approach to the identification of sites for waste management installations. | ||
| 650 | 2 | 4 | _aPLANNING WHITE PAPER |
| 650 | 2 | 4 | _aPLANNING ETC. (SCOTLAND) ACT 2006 |
| 650 | 2 | 4 | _aLANDFILL (SCOTLAND) REGULATIONS 2003 |
| 650 | 2 | 4 | _aSCOTTISH PLANNING POLICY 10 |
| 651 | 4 |
_aScotland _y1999- |
|
| 690 | _aENVIRONMENTAL AND LAND CONSULTANCY-WASTE MANAGEMENT | ||
| 856 | 4 | 0 |
_uhttps://www.scotland.gov.uk/Publications/2007/08/28161910/0 _z View the item free of charge at www.scotland.gov.uk... |
| 942 | _n0 | ||
| 999 |
_c107917 _d107917 |
||